Understanding communication competency
Schopnosť efektívnej komunikácie ako jedna z najdôležitejších zručností, ktorú zamestnávatelia požadujú od svojich zamestnancov. Komunikačné kompetencie - definovanie. Osobnosť a komunikácia. Psychológia riadenia.
Saved in:
| Main Author: | |
|---|---|
| Format: | Book Chapter |
| Language: | English |
| Subjects: | |
| Tags: |
No Tags, Be the first to tag this record!
|
MARC
| LEADER | 00000nla$a2200000$$$4500 | ||
|---|---|---|---|
| 001 | 0226601 | ||
| 005 | 20240502073730.0 | ||
| 041 | 0 | |a eng | |
| 044 | |a SK | ||
| 245 | 1 | 0 | |a Understanding communication competency |c Daniela Trnovcová |
| 520 | |a Schopnosť efektívnej komunikácie ako jedna z najdôležitejších zručností, ktorú zamestnávatelia požadujú od svojich zamestnancov. Komunikačné kompetencie - definovanie. Osobnosť a komunikácia. Psychológia riadenia. | ||
| 610 | 2 | 0 | |a komunikácia firemná |
| 610 | 2 | 0 | |a komunikácia interpersonálna |
| 610 | 2 | 0 | |a kompetencie komunikačné |
| 610 | 2 | 0 | |a zručnosti |
| 610 | 2 | 0 | |a riadenie |
| 100 | 1 | |a Trnovcová, Daniela | |